000 01086nac a22003017a 4500
001 BR7200831
003 BR-BrBNA
005 20240105113448.0
008 230509b bl.|||m| |||| 00| 0 por d
040 _aBR-BrBNA
_bpor
_cBiblioteca Nacional de Agricultura
072 _aF00; L00; E70
090 _aF00 BR7200831
110 1 _aSecretaria da Agricultura do Estado de Goias, Goiania (Brasil)
_98208
245 1 _aPlano Estadual para Aplicacao de Credito Rural - PESAC - 1972 [Goias, produtividade, industrializacao, analise economica, Brasil]
260 3 _aGoiania, GO (Brasil):
_c1972.
300 _a60 p.
490 _aPlano Estadual para Aplicacao de Credito Rural - Secretaria da Agricultura do Estado de Goias (Brazil)
_v
_x
500 _aSummary (Pt); 22 tables; 15 ref.
650 _aCOMERCIALIZACAO
650 _aDESENVOLVIMENTO AGRICOLA
650 _aCREDITO RURAL
650 _aASSISTENCIA TECNICA
650 _aCOOPERATIVA
650 _aPLANEJAMENTO AGRICOLA
650 _aGOIAS
909 _a202312
_bLúcia Elande
_c55
_dLúcia Elande
942 _2AGRIS
_n0
_cMS
999 _c263861
_d263861